000 01060nam a22001937a 4500
005 20241001144745.0
008 241001b ||||| |||| 00| 0 eng d
040 _cSSBUL
041 _aMyanmar
082 _223
_a၀၀၁ ကျေ်
_b၁၃၁၁၉ S-SAT
100 0 _aကျော်ရေး၊ ဦး။
_954769
245 1 _aရတနာ့ဘဏ်တိုက်၊
_bမှတ်စရာ ငါးရာတဆဲ့ရှစ်ဖြာ၊ မင်းဆက်ရာဇဝင်သားချင်းနှင့် မင်းဆက်ရာဇဝင်လင်္ကာ /
_cဦးကျော်ရေး။
260 _aရန်ကုန် ၊
_bဆုထူးပန်စာပေတိုက်၊
_c[ခုနှစ်မပါ]။
300 _aန၊ ၂၈၃ စာမျက်နှာ ၊
_c၁၈ စင်တီ။
500 _aS-SAT: Dr Sai Aung Tun Collection.
650 _aအထွေထွေဗဟုသုတ
_914962
650 _aဗုဒ္ဓဘာသာ သိမှတ်စရာ
_954770
942 _2ddc
_cBK1
999 _c40891
_d40891